Land agreements (Record no. 111511)

MARC details
000 -LEADER
fixed length control field 01154cad a22001935a 4500
001 - CONTROL NUMBER
control field L151644
008 - FIXED-LENGTH DATA ELEMENTS--GENERAL INFORMATION
fixed length control field 101123s2010 xxk f 000 0 eng d
035 ## - SYSTEM CONTROL NUMBER
System control number (Sirsi) u151644
041 0# - LANGUAGE CODE
Language code of text/sound track or separate title eng
110 2# - MAIN ENTRY--CORPORATE NAME
Corporate name or jurisdiction name as entry element Office of Fair Trading
9 (RLIN) 1355
245 00 - TITLE STATEMENT
Title Land agreements
Remainder of title guidance on the application of competition law following the revocation of the Land Agreements Exclusion Order, an OFT consultation
Medium [electronic resource]
260 ## - PUBLICATION, DISTRIBUTION, ETC.
Place of publication, distribution, etc. [S.l.]
Name of publisher, distributor, etc. OFT
Date of publication, distribution, etc. 2010
520 ## - SUMMARY, ETC.
Summary, etc. Seeks feedback on Office of Fair Trading (OFT) draft guidance for business about the application of common law to land agreements. This is in response to a change in UK competition law which from 6 April 2011 will make land agreements that prevent, restrict or distort competition void and unenforceable. OFT is inviting responses by 14 January and aims to publish final guidance later in 2011.
590 ## - LOCAL NOTE (RLIN)
Local note KA
651 #4 - SUBJECT ADDED ENTRY--GEOGRAPHIC NAME
Geographic name United Kingdom
690 ## - LOCAL SUBJECT ADDED ENTRY--TOPICAL TERM (OCLC, RLIN)
Topical term or geographic name as entry element PROPERTY-RURAL AND NATURAL ASSETS-RURAL AND NATURAL ASSETS MANAGEMENT-LAND MANAGEMENT
856 40 - ELECTRONIC LOCATION AND ACCESS
Uniform Resource Identifier <a href="https://www.oft.gov.uk/shared_oft/consultations/OFT1280.pdf">https://www.oft.gov.uk/shared_oft/consultations/OFT1280.pdf</a>
Public note View the item free of charge at www.oft.gov.uk
942 ## - ADDED ENTRY ELEMENTS (KOHA)
Suppress in OPAC 0
Holdings
Withdrawn status Lost status Source of classification or shelving scheme Damaged status Not for loan Home library Current library Shelving location Date acquired Total Checkouts Full call number Barcode Date last seen Copy number Price effective from Koha item type
    Dewey Decimal Classification     Virtual Virtual Online 23/11/2010   ONLINE PUBLICATION 151644-2001 06/08/2019 1 06/08/2019 Book